01609cam a2200145 i 4500020001800000040000800018082002600026100002700052245010500079300004600184520105900230942001001289999001701299952014701316 a9781476677750 cDLC00a327 INT 2003 C156 Or.1 aFrankum, Ronald Bruce,10aElbridge Durbrow's War in Vietnam :bThe Ambassador's Influence on American Involvement, 1957-1961 / aviii, 263 pages :billustrations ;c23 cm a"Elbridge Durbrow served as the third United States ambassador to the Republic of Vietnam from 1957 to 1961. His relationships with Vietnamese president Ngô Đình Diệm and members of the Military Assistance Advisory Group in Saigon helped to shape his tenure in office, which ultimately concluded with his decision to end his support for the Vietnamese leader as well as turn away from the American military representatives who had earned Ngô Đình Diệm's trust. This triangular relationship between three competing entities was mired in clashes of ego and personality that often interfered with the American decision making process. Durbrow and his embassy staff, rather than work with the Vietnamese leadership, chose to focus on the negative and reported to Washington only those items that reinforced this perspective. They created an atmosphere of distrust and anxiety that neither the Americans nor Vietnamese could overcome in the 1960s and helped to create the conditions for greater United States involvement in Southeast Asia"-- cAEDBB c18967d18967 0010406327_000000000000000_INT_2003_C156_OR70983713aLBCbLBCcC156d2020-02-17eA39079o327 INT 2003 C156 Or.r2020-02-17w2020-02-17yEK